000 00841nam a22001817a 4500
005 20120424124842.0
020 _c180.00
_a8171244211
035 _aB-192696
037 _b
_adpl
082 _a370.72
100 _aपाण्डेय, कामताप्रसाद
_945669
245 1 _aशिक्षाः एक विवेचन /
_cकामताप्रसाद पाण्डेय
260 _aवाराणसी
_bविश्वविद्यालय प्रकाशन
_c2006
270 _a
_b
_e
_k
300 _a295पृ.
_c22सेमी (सजिल्द)
942 _adpl
_cHN
_k
_2ddc
_h370.72
_mपाण्डेय
999 _c65556
_d65556